Computer-Aided Design of Catalysts : (Record no. 580377)

MARC details
000 -LEADER
fixed length control field 00474nam a2200193 a 4500
008 - FIXED-LENGTH DATA ELEMENTS--GENERAL INFORMATION
fixed length control field 250812s1993##################000#0#eng##
020 ## - INTERNATIONAL STANDARD BOOK NUMBER
ISBN 9780824790035
082 04 - DEWEY DECIMAL CLASSIFICATION NUMBER
Classification number 660.2995
Item number BEC
100 1# - MAIN ENTRY--AUTHOR NAME
Personal name Becker, Robert,
245 10 - TITLE STATEMENT
Title Computer-Aided Design of Catalysts :
260 ## - PUBLICATION, DISTRIBUTION, ETC. (IMPRINT)
Name of publisher CRC Press,
Year of publication 1993.
300 ## - PHYSICAL DESCRIPTION
Number of Pages 648 pages
650 #0 - SUBJECT ADDED ENTRY--TOPICAL TERM
Topical Term Science.
942 ## - ADDED ENTRY ELEMENTS (KOHA)
Koha item type English Books
Holdings
Withdrawn status Lost status Damaged status Not for loan Home library Current library Shelving location Date acquired Full call number Accession Number Price effective from Koha item type
        Anna Centenary Library Anna Centenary Library 6TH FLOOR, B WING 12.08.2025 660.2995 BEC 289630 12.08.2025 English Books

Find us on the map